| 000 | 02334nam0a2200385 4500 | ||
|---|---|---|---|
| 001 | RU\NLR\bibl\526320 | ||
| 005 | 20260407113208.0 | ||
| 010 |
_a5-93362-227-3 _9200 |
||
| 021 |
_aRU _b2004-25236 _91277 |
||
| 035 | _a(NLR Aleph) 000518683 | ||
| 090 |
_a1279252 _c1279252 |
||
| 100 | _a20040602d2003 |||y0rusy50 ca | ||
| 101 | 0 | _arus | |
| 102 | _aRU | ||
| 105 | _aa ||||||||| | ||
| 200 | 1 |
_aКожа, обувь: качество, экспертиза _eУчеб. пособие для студентов спец. 351300 "Коммерция (торговое дело)", 351100 "Товароведение и экспертиза товаров (по обл. применения)", 072000 "Стандартизация и сертификация вузов региона" _fМ-во образования Рос. Федерации, Дальневост. гос. акад. экономики и упр. |
|
| 205 | _a[2-е изд., перераб. и доп.] | ||
| 210 |
_aВладивосток _cИзд-во ДВГАЭУ _d2003 |
||
| 215 |
_a143 с. _cил. _d20 |
||
| 320 | _aБиблиогр.: с. 133-134 | ||
| 606 | 0 |
_aКожи _jРуководства, пособия и т.п. для высшей школы _xТовароведение _91314434 _3RU\NLR\auth\66545493 |
|
| 606 | 0 |
_aКожи _jУчебные издания для высших учебных заведений _xТовароведение _91314434 _3RU\NLR\auth\66545493 |
|
| 606 | 0 |
_aОбувь _jРуководства, пособия и т.п. для высшей школы _xТовароведение _91726742 _3RU\NLR\auth\66771232 |
|
| 606 | 0 |
_aОбувь _jУчебные издания для высших учебных заведений _xТовароведение _91726742 _3RU\NLR\auth\66771232 |
|
| 686 | _aМ52-900.1я73-1 | ||
| 686 | _aМ55-900.1я73-1 | ||
| 702 | 1 |
_aАвеличева _bС. Н. _gСветлана Николаевна _4220 |
|
| 712 | 0 | 2 |
_4570 _aДальневосточная государственная академия экономики и управления _cВладивосток _3RU\NLR\AUTH\889942595 _9380141 |
| 801 | 0 |
_aRU _bNLR _c20040602 _gPSBO |
|
| 801 | 1 |
_aRU _bNLR _c20040602 |
|
| 830 | _aСост. раскрыт по кн. | ||
| 942 | _cBOOK | ||
| 980 | _aNB | ||
| 980 | _aNBR | ||